000 00881 a2200205 4500
999 _c922
_d922
020 _a134677382
050 0 0 _aE185.61 INS 1969
100 _aKnowles L Louis
245 0 0 _aInstitutional racism in America.
_cContributors: Owen Blank [and others] Edited by Louis L. Knowles and Kenneth Prewitt. With an appendix by Harold Baron.
264 _aPrentice hall;
_bEnglewood cliffs.,
_c1969
300 _axii, 180 p.
500 _aBased on working papers prepared for a joint program sponsored by the Stanford chapter of the University Christian Movement and the Mid-Peninsula Christian Ministry of East Palo Alto, Calif.
504 _aBibliographical footnotes.
650 0 _aAfrican Americans
_xCivil rights.
650 0 _aRace discrimination
700 1 _aBlank, Owen.
700 1 _aKnowles, Louis L.,
_eed.
700 1 _aPrewitt, Kenneth,
_eed.
942 _2lcc
_cBK
_h185.61
_iINS
_kE